El hombre que está solo y espera (Registro nro. 5782)
[ vista simple ]
| 000 -LEADER | |
|---|---|
| fixed length control field | 01226 a2200229 4500 |
| 001 - CONTROL NUMBER | |
| control field | 54760 |
| 005 - DATE AND TIME OF LATEST TRANSACTION | |
| control field | 20260407155823.0 |
| 008 - FIXED-LENGTH DATA ELEMENTS--GENERAL INFORMATION | |
| fixed length control field | 260407a1983 arg spa d |
| 003 - CONTROL NUMBER IDENTIFIER | |
| control field | AR-UNSa-BCEJYS |
| 040 ## - CATALOGING SOURCE | |
| Original cataloging agency | AR-UNSa-BCEJYS |
| Language of cataloging | spa |
| Transcribing agency | AR-UNSa-BCEJYS |
| 080 ## - UNIVERSAL DECIMAL CLASSIFICATION NUMBER | |
| Universal Decimal Classification number | 82-4 |
| Common auxiliary subdivision | Ensayos |
| 020 ## - INTERNATIONAL STANDARD BOOK NUMBER | |
| International Standard Book Number | 950-21-0582-6 |
| 041 ## - LANGUAGE CODE | |
| Language code of text/sound track or separate title | spa |
| 100 1# - MAIN ENTRY--PERSONAL NAME | |
| Personal name | Scalabrini Ortiz, Raúl |
| 245 10 - TITLE STATEMENT | |
| Title | El hombre que está solo y espera |
| 250 ## - EDITION STATEMENT | |
| Edition statement | 16a. ed. |
| 264 #1 - PRODUCTION, PUBLICATION, DISTRIBUTION, MANUFACTURE, AND COPYRIGHT NOTICE | |
| Place of production, publication, distribution, manufacture | Buenos Aires : |
| Name of producer, publisher, distributor, manufacturer | Plus Ultra |
| Date of production, publication, distribution, manufacture, or copyright notice | 1983 |
| 300 ## - PHYSICAL DESCRIPTION | |
| Extent | 157 p. |
| Dimensions | 20 cm. |
| 505 ## - FORMATTED CONTENTS NOTE | |
| Formatted contents note | 1. La gota de agua - 2. Los ojos infidentes - 3. Un olvido del egoísmo - 4. El hombre de Corrientes y Esmeralda - 5. El hijo de nadie - 6. La tierra invisible - 7. La ciudad sin amor - 8. Las vidas que se escurren - 9. La edad de los años - 10. El místico sin Dios - 11. El primer juicio mortal - 12. Delegación de un destino - 13. El piloto del caos - 14. La apostasía intelectual - 15. La defección política - 16. El patrón de sí mismo - 17. El destructor de espejísmos - 18. El millonario ingénito - 19. La rehumanización de la vida - 20. Libreta de apuntes - 21. Connotación de fugacidades - 22. Acentos de una soledad |
| 590 ## - LOCAL NOTE (RLIN) | |
| Local note | niveau_biblio:m niveau_hierar:0 |
| 942 ## - ADDED ENTRY ELEMENTS (KOHA) | |
| Koha item type | |
| Withdrawn status | Lost status | Damaged status | Not for loan | Home library | Current library | Shelving location | Date acquired | Total checkouts | Full call number | Barcode | Date last seen | Price effective from | Koha item type |
|---|---|---|---|---|---|---|---|---|---|---|---|---|---|
| Biblioteca Prof. Eusebio Cleto del Rey | Biblioteca Prof. Eusebio Cleto del Rey | 07/04/2026 | 82-4 S279 | L45692 | 07/04/2026 | 07/04/2026 | Libro |